| 000 | 00353nam a2200145Ia 4500 | ||
|---|---|---|---|
| 008 | 150301s2012 xx 000 0 und d | ||
| 082 |
_a616.07 _bE12K |
||
| 100 | _aKAWTHALKAR, SHIRISH M. | ||
| 245 | _aESSENTIALS OF CLINICAL PATHOLOGY | ||
| 250 | _a1ST | ||
| 260 |
_bJAYPEE _aDELHI _c2012 |
||
| 300 | _a376 | ||
| 650 | _aPATHOLOGY | ||
| 942 |
_2ddc _cBK _028 |
||
| 999 |
_c6638 _d6638 |
||